000 00989 a2200241 4500
005 20260317125619.0
008 260317b |||||||| |||| 00| 0 eng d
020 _a9788170161875 (hbk)
037 _cTB
040 _aCRL
_cCRL
041 _2hin
_ahin
084 _aO152,3N44,ID N4;Q8
_qCRL
100 _aपुष्पा, मैत्रेयी
_9864040
245 _aइदन्नमम
250 _a8वां संस्करण
260 _aनयी दिल्ली, भारत:
_bकिताबघर प्रकाशन,
_c2018.
300 _a368पृ.
365 _b550.00
_cINR
650 _aहिन्दी कहानी
650 _aहिन्दी साहित्य
942 _cTB
_2CC
_e8वां संस्करण
_hO152,3N44,ID N4;Q8
999 _c1467551
_d1467551